000
00299nam a22001337a 4500
008
170418b xxu||||| |||| 00| 0 eng d
020
_a
0967783933
041
_a
eng
080
_2
3 ED
_a
579
100
_a
11
101
_a
SHM
245
_a
CLINICAL MICROBIOLOGY
_c
WARINEER.P.Q
942
_2
udc
_c
BK
999
_c
10972
_d
10972